<?xml version="1.0" encoding="UTF-8"?>
<record
    xmlns:xsi="http://www.w3.org/2001/XMLSchema-instance"
    xsi:schemaLocation="http://www.loc.gov/MARC21/slim http://www.loc.gov/standards/marcxml/schema/MARC21slim.xsd"
    xmlns="http://www.loc.gov/MARC21/slim">

  <leader>01270nam a2200217Ia 4500</leader>
  <datafield tag="952" ind1=" " ind2=" ">
    <subfield code="0">0</subfield>
    <subfield code="1">0</subfield>
    <subfield code="4">0</subfield>
    <subfield code="7">0</subfield>
    <subfield code="a">11</subfield>
    <subfield code="b">11</subfield>
    <subfield code="d">2007-01-08</subfield>
    <subfield code="l">14</subfield>
    <subfield code="o">BF39  N972 1987</subfield>
    <subfield code="p">11 001601</subfield>
    <subfield code="r">2018-06-25</subfield>
    <subfield code="s">2018-06-25</subfield>
    <subfield code="t">1</subfield>
    <subfield code="w">2012-06-26</subfield>
    <subfield code="y">LB</subfield>
  </datafield>
  <datafield tag="952" ind1=" " ind2=" ">
    <subfield code="0">0</subfield>
    <subfield code="1">0</subfield>
    <subfield code="4">0</subfield>
    <subfield code="7">0</subfield>
    <subfield code="a">11</subfield>
    <subfield code="b">11</subfield>
    <subfield code="d">2007-01-08</subfield>
    <subfield code="l">16</subfield>
    <subfield code="o">BF39 N972 1987</subfield>
    <subfield code="p">11 003784</subfield>
    <subfield code="r">2023-04-20</subfield>
    <subfield code="s">2023-04-20</subfield>
    <subfield code="t">4</subfield>
    <subfield code="w">2012-06-26</subfield>
    <subfield code="y">LB</subfield>
  </datafield>
  <datafield tag="952" ind1=" " ind2=" ">
    <subfield code="0">0</subfield>
    <subfield code="1">0</subfield>
    <subfield code="4">0</subfield>
    <subfield code="7">0</subfield>
    <subfield code="a">11</subfield>
    <subfield code="b">11</subfield>
    <subfield code="d">2007-01-08</subfield>
    <subfield code="l">9</subfield>
    <subfield code="o">BF39 N972 1987</subfield>
    <subfield code="p">11 004094</subfield>
    <subfield code="r">2019-10-28</subfield>
    <subfield code="s">2019-10-28</subfield>
    <subfield code="t">2</subfield>
    <subfield code="w">2012-06-26</subfield>
    <subfield code="y">LB</subfield>
  </datafield>
  <datafield tag="952" ind1=" " ind2=" ">
    <subfield code="0">0</subfield>
    <subfield code="1">0</subfield>
    <subfield code="4">0</subfield>
    <subfield code="7">0</subfield>
    <subfield code="a">11</subfield>
    <subfield code="b">11</subfield>
    <subfield code="d">2007-01-08</subfield>
    <subfield code="l">4</subfield>
    <subfield code="o">BF39 N972 1987</subfield>
    <subfield code="p">11 004095</subfield>
    <subfield code="r">2023-04-21</subfield>
    <subfield code="s">2023-04-21</subfield>
    <subfield code="t">3</subfield>
    <subfield code="w">2012-06-26</subfield>
    <subfield code="y">LB</subfield>
  </datafield>
  <datafield tag="952" ind1=" " ind2=" ">
    <subfield code="0">0</subfield>
    <subfield code="1">0</subfield>
    <subfield code="2">lcc</subfield>
    <subfield code="4">0</subfield>
    <subfield code="7">0</subfield>
    <subfield code="a">14</subfield>
    <subfield code="b">14</subfield>
    <subfield code="d">2016-09-22</subfield>
    <subfield code="l">3</subfield>
    <subfield code="m">1</subfield>
    <subfield code="o">BF39 N972 1987</subfield>
    <subfield code="p">14 006679</subfield>
    <subfield code="r">2017-02-09</subfield>
    <subfield code="s">2017-02-07</subfield>
    <subfield code="t">1</subfield>
    <subfield code="w">2016-09-22</subfield>
    <subfield code="y">LB</subfield>
  </datafield>
  <datafield tag="952" ind1=" " ind2=" ">
    <subfield code="0">0</subfield>
    <subfield code="1">0</subfield>
    <subfield code="2">lcc</subfield>
    <subfield code="4">0</subfield>
    <subfield code="7">0</subfield>
    <subfield code="a">14</subfield>
    <subfield code="b">14</subfield>
    <subfield code="d">2016-12-07</subfield>
    <subfield code="l">4</subfield>
    <subfield code="o">BF39  N972 1987</subfield>
    <subfield code="p">14 006157</subfield>
    <subfield code="r">2023-05-18</subfield>
    <subfield code="s">2023-05-18</subfield>
    <subfield code="t">2</subfield>
    <subfield code="w">2016-12-07</subfield>
    <subfield code="y">LB</subfield>
  </datafield>
  <datafield tag="999" ind1=" " ind2=" ">
    <subfield code="c">69246</subfield>
    <subfield code="d">69246</subfield>
  </datafield>
  <controlfield tag="008">120626s1987    mx            000 0 spa d</controlfield>
  <datafield tag="020" ind1=" " ind2=" ">
    <subfield code="a">9682421632</subfield>
  </datafield>
  <datafield tag="050" ind1=" " ind2=" ">
    <subfield code="a">BF39  </subfield>
    <subfield code="b">N972 1987</subfield>
  </datafield>
  <datafield tag="100" ind1=" " ind2=" ">
    <subfield code="a">Nunnally , Jum C.</subfield>
    <subfield code="e">autor</subfield>
  </datafield>
  <datafield tag="240" ind1=" " ind2=" ">
    <subfield code="l">Espa&#xF1;ol</subfield>
  </datafield>
  <datafield tag="245" ind1=" " ind2=" ">
    <subfield code="a">Teor&#xED;a psicom&#xE9;trica </subfield>
    <subfield code="c">/ Jum C. Nunnally; traducci&#xF3;n de Elisa M. Gonz&#xE1;lez</subfield>
  </datafield>
  <datafield tag="260" ind1=" " ind2=" ">
    <subfield code="a">M&#xE9;xico</subfield>
    <subfield code="b">: Trillas</subfield>
    <subfield code="c">, 1987</subfield>
  </datafield>
  <datafield tag="300" ind1=" " ind2=" ">
    <subfield code="a">731 p&#xE1;ginas</subfield>
  </datafield>
  <datafield tag="500" ind1=" " ind2=" ">
    <subfield code="a">traducci&#xF3;n de : Psychometric theory</subfield>
  </datafield>
  <datafield tag="500" ind1=" " ind2=" ">
    <subfield code="a">Incluye: Pr&#xF3;logo (pp. 5-7), Introducci&#xF3;n (pp. 15-48), &#xCD;ndice onom&#xE1;stico (pp. 723-724), &#xCD;ndice anal&#xED;tico (pp. 725-731)</subfield>
  </datafield>
  <datafield tag="504" ind1=" " ind2=" ">
    <subfield code="a">Bibliograf&#xED;a (pp. 716-722)</subfield>
  </datafield>
  <datafield tag="505" ind1=" " ind2=" ">
    <subfield code="a">Modelos de medici&#xF3;n escalar  
Validez  
Varianza y covarianza  
An&#xE1;lisis correlacional multivariado  
Teor&#xED;a del error de medici&#xF3;n  
Evaluaci&#xF3;n de la confiabilidad  
Construcci&#xF3;n de pruebas  
Fundamentos del an&#xE1;lisis factorial  
Problemas especiales del an&#xE1;lisis factorial  
An&#xE1;lisis de perfiles, an&#xE1;lisis discriminante y medici&#xF3;n escalar multidimensional  
Medici&#xF3;n de habilidades  
Medici&#xF3;n de rasgos de personalidad  
Medida de los sentimientos  
Variables contingentes </subfield>
  </datafield>
  <datafield tag="519" ind1=" " ind2=" ">
    <subfield code="a">Material complementario  / </subfield>
    <subfield code="b">Psicolog&#xED;a / </subfield>
    <subfield code="d">(11 004094)</subfield>
  </datafield>
  <datafield tag="650" ind1=" " ind2="0">
    <subfield code="a">PSICOMETR&#xCD;A</subfield>
    <subfield code="x">TEOR&#xCD;A</subfield>
  </datafield>
  <datafield tag="942" ind1=" " ind2=" ">
    <subfield code="c">LB</subfield>
  </datafield>
</record>
